Statistics for list of "full democracy countries"

Click here to take the quiz!

General Stats

  • This quiz has been taken 26 times
  • The average score is 15 of 17

Answer Stats

HintAnswer% Correct
DDenmark
100%
FFinland
100%
NZNew Zealand
100%
NNorway
100%
SSweden
100%
AAustralia
96%
GGermany
96%
IIceland
96%
IIreland
96%
GBUnited Kingdom
96%
AAustria
92%
LLuxembourg
92%
CCanada
88%
NNetherland
81%
SSwitzerland
81%
UUruguay
69%
MMauritius
38%

Score Distribution

Percentile by Number Answered

Percent of People with Each Score

Your Score History

You have not taken this quiz